| 000 | 00791nam a22002537a 4500 | ||
|---|---|---|---|
| 999 |
_c7690 _d7690 |
||
| 003 | OSt | ||
| 005 | 20220215120458.0 | ||
| 008 | 220215b ||||| |||| 00| 0 eng d | ||
| 020 | _a9781846199516 | ||
| 040 | _cDDC | ||
| 082 | _a610.92 TAT 2014 | ||
| 100 |
_a Peter, Tate: Liz, Tate _915715 |
||
| 245 |
_a New York : _b Radcliffe Publishing; _c2014, |
||
| 250 | _aSeventh edition | ||
| 300 |
_axiii, 206 pages : _b illustrations ; _c 24 cm |
||
| 504 | _aIncludes bibliographical references and index | ||
| 650 |
_a Physician and patient _910022 |
||
| 650 |
_aInterpersonal communication _910023 |
||
| 650 |
_aMedical history taking _92391 |
||
| 650 |
_aCommunication _91820 |
||
| 650 |
_a Patient Satisfaction _915716 |
||
| 650 |
_aPhysician's Role _910170 |
||
| 942 |
_2ddc _cBOOK |
||